Southville International School and Colleges
Your cart is empty.
  • Cart
  • Lists
    Public lists Eva Luna New books Lux_list list_1
    Your lists Log in to create your own lists
  • Log in to your account
  • Your cookies
  • Search history
Southville International School and Colleges
  • Advanced search
  • Recent comments
  • Most popular
  • Libraries

Log in to your account

Log in with GOOGLE


If you do not have an external account, but do have a local account, you can still log in:

  1. Home
  2. MARC view: Fashion marketing :
Normal view MARC view ISBD view

Fashion marketing : (Record no. 20298)

[ view plain ]
MARC details
000 -LEADER
fixed length control field 00540nam a2200181 a 4500
005 - DATE AND TIME OF LATEST TRANSACTION
control field 20140310183219.0
008 - FIXED-LENGTH DATA ELEMENTS--GENERAL INFORMATION
fixed length control field 030929s19uu xx 00 eng d
020 ## - INTERNATIONAL STANDARD BOOK NUMBER
International Standard Book Number 0750652438
050 ## - LIBRARY OF CONGRESS CALL NUMBER
Classification number HD 9940.A2
Item number .F373 2001
245 ## - TITLE STATEMENT
Title Fashion marketing :
Remainder of title contemporary issues /
Statement of responsibility, etc Edited by Tony Hines and Margaret Bruce.
260 ## - PUBLICATION, DISTRIBUTION, ETC. (IMPRINT)
Place of publication, distribution, etc Oxford :
Name of publisher, distributor, etc Butterworth Heinemann,
Date of publication, distribution, etc 2001.
300 ## - PHYSICAL DESCRIPTION
Extent xvi, 243p. ;
Dimensions 24cm.
500 ## - GENERAL NOTE
General note Includes Index
521 ## - TARGET AUDIENCE NOTE
Target audience note
650 ## - SUBJECT ADDED ENTRY--TOPICAL TERM
Topical term or geographic name as entry element Fashion merchandizing
942 ## - ADDED ENTRY ELEMENTS (KOHA)
Koha item type Books
Source of classification or shelving scheme Library of Congress Classification
Call number prefix Foreign
Holdings
Withdrawn status Lost status Source of classification or shelving scheme Damaged status Home library Current library Shelving location Date acquired Total Checkouts Full call number Barcode Date last seen Copy number Price effective from Koha item type
    Library of Congress Classification   College Library College Library General Circulation Section 01/21/2014   HD 9940.A2 .F373 2001 C4052 05/15/2018 1 01/21/2014 Books

Fashion marketing :

APA

(2001). Fashion marketing. Oxford: Butterworth Heinemann.

Chicago

2001. Fashion marketing. Oxford: Butterworth Heinemann.

Harvard

(2001). Fashion marketing. Oxford: Butterworth Heinemann.

MLA

Fashion marketing. Oxford: Butterworth Heinemann. 2001.

  • Place hold
  • Print
  • Cite
  • Add to your cart (remove)
  • Save record
    BIBTEX Dublin Core MARCXML MARC (non-Unicode/MARC-8) MARC (Unicode/UTF-8) MARC (Unicode/UTF-8, Standard) MODS (XML) RIS
  • More searches
    Search for this title in:
    Other Libraries (WorldCat) Other Databases (Google Scholar) Online Stores (Bookfinder.com) Open Library (openlibrary.org)

Exporting to Dublin Core...

SOUTHVILLE LIBRARY

Southville International School and Colleges Library

1281 Tropical Ave. Cor. Luxembourg St., BF Homes International, Las Pinas City

Tel. No. 8256374 / 252358 Loc. 117/146

Powered by Koha